Statistics for Угадай английские слова

Click here to take the quiz!

General Stats

  • This quiz has been taken 181 times
  • The average score is 8 of 21

Answer Stats

СловоПеревод% Correct
BloodКровь
99%
CastleЗамок
88%
PumpkinТыква
80%
WitchВедьма
78%
DustПыль
63%
KnightРыцарь
63%
ButcherМясник
45%
SkyscraperНебоскрёб
36%
CrossbowАрбалет
30%
SatelliteСпутник
28%
LighthouseМаяк
27%
AnchorЯкорь
25%
EmbassyПосольство
18%
TranquilityСпокойствие
15%
FragranceАромат
14%
PorcelainФарфор
13%
VertigoГоловокружение
13%
DomeКупол
12%
LeisureДосуг
12%
FossilИскопаемое
11%
OarВесло
9%

Score Distribution

Percentile by Number Answered

Percent of People with Each Score

Your Score History

You have not taken this quiz